5HLuxD.jpg

KING HENRY VIII SENIOR AND PRIMARY SCHOOL LIBRARY OPAC

Guards! Guards! / (Record no. 733)

000 -LEADER
fixed length control field 00817cam a22002898a 4500
001 - CONTROL NUMBER
control field 005121853
003 - CONTROL NUMBER IDENTIFIER
control field OCoLC
005 - DATE AND TIME OF LATEST TRANSACTION
control field 20191205160210.0
008 - FIXED-LENGTH DATA ELEMENTS--GENERAL INFORMATION
fixed length control field 930519r19921989enk 000 1 eng d
015 ## - NATIONAL BIBLIOGRAPHY NUMBER
National bibliography number GB93-26143
020 ## - INTERNATIONAL STANDARD BOOK NUMBER
International Standard Book Number 0552134627 (pbk.)
020 ## - INTERNATIONAL STANDARD BOOK NUMBER
International Standard Book Number 9780552134620 (pbk.)
040 ## - CATALOGING SOURCE
Original cataloging agency UKM
Transcribing agency UKM
042 ## - AUTHENTICATION CODE
Authentication code nbic
082 ## - DEWEY DECIMAL CLASSIFICATION NUMBER
Classification number FIC PRA
100 1# - MAIN ENTRY--PERSONAL NAME
Personal name Pratchett, Terry.
Relator term author
245 10 - TITLE STATEMENT
Title Guards! Guards! /
Statement of responsibility, etc. Terry Pratchett.
260 ## - PUBLICATION, DISTRIBUTION, ETC.
Place of publication, distribution, etc. [London] :
Name of publisher, distributor, etc. Corgi,
Date of publication, distribution, etc. 1992, c1989.
300 ## - PHYSICAL DESCRIPTION
Extent 316 p. ;
Dimensions 18 cm.
490 0# - SERIES STATEMENT
Series statement The Discworld series.
500 ## - GENERAL NOTE
General note "A Discworld novel" -- Cover.
500 ## - GENERAL NOTE
General note Originally published: London : Gollancz, c1989.
650 #0 - SUBJECT ADDED ENTRY--TOPICAL TERM
Topical term or geographic name entry element Discworld (Imaginary place)
Form subdivision Fiction.
650 #0 - SUBJECT ADDED ENTRY--TOPICAL TERM
Topical term or geographic name entry element Guards troops
Form subdivision Fiction.
653 ## - INDEX TERM--UNCONTROLLED
Uncontrolled term English fiction.
942 ## - ADDED ENTRY ELEMENTS (KOHA)
Source of classification or shelving scheme
Koha item type Books - Fiction
Holdings
Withdrawn status Lost status Source of classification or shelving scheme Damaged status Not for loan Collection code Permanent Location Current Location Shelving location Date acquired Full call number Barcode Date last seen Price effective from Koha item type
          Fiction KH8 Senior School Library KH8 Senior School Library Fiction 2019-12-05 FIC PRA 3KHSL000101469 2024-07-18 2019-12-05 Books - Fiction

Powered By KH8 IT Dept